Statistics for Tile Select - General Knowledge #3

Click here to take the quiz!

General Stats

  • This quiz has been taken 498 times
  • The average score is 58 of 72

Answer Stats

QuestionTileSelect% Correct
Places in AfricaYosemite National ParkNo
99%
Places in AfricaAlgeriaYes
98%
Places in AfricaBaffin IslandNo
98%
Places in AfricaAnatoliaNo
96%
British SpellingsArmorNo
94%
Places in AfricaBruneiNo
94%
Places in AfricaBusanNo
94%
British SpellingsColourYes
94%
Movies based on True EventsPulp FictionNo
94%
Movies based on True EventsThe Fast and the FuriousNo
94%
Places in AfricaAddis AbabaYes
93%
Cities on Major riversDubaiNo
93%
Things Native to the AmericasOrangutanNo
93%
British SpellingsNeighborNo
92%
Places in AfricaTimbuktuYes
91%
British SpellingsAnalogNo
89%
Cities on Major riversAucklandNo
89%
Cities on Major riversBudapestYes
89%
British SpellingsCentreYes
89%
Cities on Major riversLos AngelesNo
89%
Movies based on True EventsMurder on the Orient ExpressNo
89%
Cities on Major riversParisYes
89%
Movies based on True EventsSchindler's ListYes
88%
Movies based on True EventsApollo 13Yes
87%
Things Native to the AmericasChickenNo
87%
Things Native to the AmericasCornYes
87%
Movies based on True EventsForrest GumpNo
87%
British SpellingsAeroplaneYes
85%
Places in AfricaLake MaracaiboNo
85%
Places in AfricaVictoria FallsYes
85%
20th Century EventsConstruction of the Eiffel TowerNo
84%
British SpellingsAuthorizeNo
83%
20th Century EventsEruption of KrakatoaNo
83%
Cities on Major riversMexico CityNo
82%
Things Native to the AmericasCoyoteYes
81%
Things Native to the AmericasBuffaloYes
80%
Movies based on True EventsCitizen KaneNo
79%
Things Native to the AmericasHorsesNo
79%
Things Native to the AmericasLlamaYes
79%
20th Century EventsCrimean WarNo
78%
British SpellingsKilometerNo
78%
British SpellingsManoeuvreYes
78%
Movies based on True EventsThe Social NetworkYes
78%
Movies based on True EventsBonnie & ClydeYes
77%
20th Century EventsBattle of Iwo JimaYes
76%
20th Century EventsFirst Airplane FlightYes
76%
Things Native to the AmericasOrangesNo
76%
British SpellingsRecogniseYes
76%
Things Native to the AmericasPythonNo
74%
Cities on Major riversShanghaiYes
74%
Cities on Major riversIstanbulNo
73%
Cities on Major riversJohannesburgNo
73%
British SpellingsGreyYes
72%
20th Century EventsInvention of the TelephoneNo
72%
20th Century EventsSan Francisco EarthquakeYes
72%
Movies based on True Events12 Years a SlaveYes
71%
20th Century EventsArab SpringNo
70%
British SpellingsDefenseNo
70%
Things Native to the AmericasPotatoYes
70%
20th Century EventsBoxing Day TsunamiNo
69%
20th Century EventsChinese Cultural RevolutionYes
69%
20th Century EventsDeath of Queen VictoriaYes
68%
Cities on Major riversLuandaNo
68%
Movies based on True EventsA Beautiful MindYes
67%
Cities on Major riversMontrealYes
67%
Things Native to the AmericasWatermelonNo
66%
20th Century EventsSpanish Civil WarYes
65%
Movies based on True EventsThe Wolf of Wall StreetYes
63%
Cities on Major riversKhartoumYes
62%
Things Native to the AmericasPeanutYes
59%
Places in AfricaOrange RiverYes
56%
Places in AfricaIbadanYes
54%

Score Distribution

Percentile by Number Answered

Percent of People with Each Score

Your Score History

You have not taken this quiz